Κύπρος : μνήμη και αγάπη με το φακό του Γιώργου Σεφέρη

Αποθηκεύτηκε σε:
Λεπτομέρειες βιβλιογραφικής εγγραφής
Κύριος συγγραφέας: Σεφέρης, Γιώργος, 1900-1971
Άλλοι συγγραφείς: Κάσδαγλης, Εμμανουήλ Χ., 1924-1998 (Επιμελητής έκδοσης)
Μορφή: Βιβλίο
Γλώσσα:Greek
Δημοσίευση: Λευκωσία : Πολιτιστικό Κέντρο Λαϊκής Τράπεζας, 1990.
Έκδοση:2 έκδ.
Θέματα:
Ετικέτες: Προσθήκη ετικέτας
Δεν υπάρχουν, Καταχωρήστε ετικέτα πρώτοι!

MARC

LEADER 00000cam a2200000 i 4500
001 1/86266
008 941109s1990####cy | ||| |||| ||gre||
020 |a 9963422012 
035 |a 1991  |b 2  |c Δωρεά  |l 10034925 
035 |a 1994  |c ΔΩΡΕΑ 
040 |a GR-MyUA  |b gre  |e AACR2 
041 0 |a gre 
082 0 |a 778.95645 
100 1 |a Σεφέρης, Γιώργος,   |d 1900-1971. 
245 1 0 |a Κύπρος :   |b μνήμη και αγάπη με το φακό του Γιώργου Σεφέρη /   |c πρόλογος, σχεδιασμός, γενική επιμέλεια Ε. Χ. Κάσδαγλης.  
250 |a 2 έκδ.  
260 |a Λευκωσία :   |b Πολιτιστικό Κέντρο Λαϊκής Τράπεζας,   |c 1990.  
300 |a 120 σ. ;   |c 24 εκ.  
600 1 0 |a Σεφέρης, Γιώργος,   |d 1900-1971. 
650 0 0 |a Greek poetry. 
651 0 |a Cyprus  |x Pictorial works. 
700 1 |a Κάσδαγλης, Εμμανουήλ Χ.,   |d 1924-1998,  |e edt 
852 |a INST  |b RHODES  |e 19970401  |h 778.95645 ΣΕΦ  |p 005400010617  |q 005400010617  |t BK  |y 0 
852 |a INST  |b SAMOS  |e 19941109  |h 778.95645 ΣΕΦ  |p 005300004278  |q 005300004278  |t BK  |y 0 
909 |a Σ  |b 035848 
909 |a Ρ  |b 017605